Telde, ayer : (Record no. 192873)

MARC details
000 -LEADER
campo de control de longitud fija 01538nam a2200397 i 4500
001 - NÚMERO DE CONTROL
campo de control 192873
003 - IDENTIFICADOR DE NÚMERO DE CONTROL
campo de control ES-MaACL
005 - FECHA Y HORA DE LA ÚLTIMA TRANSACCIÓN
campo de control 20250728030934.0
007 - CAMPO FIJO DE DESCRIPCIÓN FÍSICA--INFORMACIÓN GENERAL
campo de control de longitud fija ta
008 - DATOS DE LONGITUD FIJA--INFORMACIÓN GENERAL
campo de control de longitud fija 230627t2013 sp ||||| |||| 00| 0 spa d
020 ## - NÚMERO INTERNACIONAL ESTÁNDAR DEL LIBRO
Número Internacional Estándar del Libro 9788461667277
040 ## - FUENTE DE CATALOGACIÓN
Lengua de catalogación spa
Centro/agencia transcriptor ES-MaACL
080 ## - NÚMERO DE LA CLASIFICACIÓN DECIMAL UNIVERSAL
Número de la Clasificación Decimal Universal 77 Suárez Robaina
100 0# - ENTRADA PRINCIPAL--NOMBRE DE PERSONA
9 (RLIN) 66559
Nombre de persona Jiménez Martel, Germán
Término indicativo de función/relación Autor
245 ## - MENCIÓN DEL TÍTULO
Título Telde, ayer :
Resto del título los hermanos Suárez Robaina, fotógrafos /
Mención de responsabilidad, etc. [texto, Germán Jiménez Martel ; imágenes, Miguel Ángel Suárez Brito].
250 ## - MENCION DE EDICION
Mención de edición Septiembre-2013
264 #1 - PRODUCCIÓN, PUBLICACIÓN, DISTRIBUCIÓN, FABRICACIÓN Y COPYRIGHT
Producción, publicación, distribución, fabricación y copyright [Tenerife :
Nombre del de productor, editor, distribuidor, fabricante G. Jiménez Martel],
Fecha de producción, publicación, distribución, fabricación o copyright 2013
300 ## - DESCRIPCIÓN FÍSICA
Extensión 85 páginas :
Otras características físicas ilustraciones (blanco y negro) ;
Dimensiones 31 cm
336 ## - TIPO DE CONTENIDO
Fuente rdacontent
Término de tipo de contenido Texto
337 ## - TIPO DE MEDIO
Fuente rdamedia
Nombre/término del tipo de medio sin mediación
338 ## - TIPO DE SOPORTE
Fuente rdacarrier
Nombre/término del tipo de soporte volumen
500 ## - NOTA GENERAL
Nota general Índice
504 ## - NOTA DE BIBLIOGRAFÍA, ETC.
Nota de bibliografía, etc. Bibliografía: páginas 84-85
600 1# - PUNTO DE ACCESO ADICIONAL DE MATERIA--NOMBRE DE PERSONA
9 (RLIN) 235830
Nombre de persona Suárez Robaina, Miguel,
Fechas asociadas al nombre 1908-1983
600 1# - PUNTO DE ACCESO ADICIONAL DE MATERIA--NOMBRE DE PERSONA
9 (RLIN) 235831
Nombre de persona Suárez Robaina, Juan,
Fechas asociadas al nombre 1908-1985
600 1# - PUNTO DE ACCESO ADICIONAL DE MATERIA--NOMBRE DE PERSONA
9 (RLIN) 235832
Nombre de persona Suárez Robaina, Santiago,
Fechas asociadas al nombre 1902-1971
650 #4 - PUNTO DE ACCESO ADICIONAL DE MATERIA--TÉRMINO DE MATERIA
Término de materia o nombre geográfico como elemento de entrada Fotógrafos-
Subdivisión geográfica Canarias
9 (RLIN) 227189
650 #7 - PUNTO DE ACCESO ADICIONAL DE MATERIA--TÉRMINO DE MATERIA
Término de materia o nombre geográfico como elemento de entrada Fotografía
Fuente del encabezamiento o término embne
9 (RLIN) 12943
651 #4 - PUNTO DE ACCESO ADICIONAL DE MATERIA--NOMBRE GEOGRÁFICO
Nombre geográfico Telde (Gran Canaria)-
Subdivisión general Historia
9 (RLIN) 227190
700 ## - ENTRADA AGREGADA--NOMBRE PERSONAL
Nombre de persona Suárez Brito, Miguel Ángel
9 (RLIN) 227191
Término indicativo de función/relación Autor
852 ## - LOCALIZACIÓN
Ubicación ES-MaACL
Sublocalización o colección R. 152757
Ubicación en estantería Depósito J
Anotaciones manuscritas Dedicatoria autógrafa de Germán Jiménez Martel
Donativo/Legado Donación: Germán Jiménez Martel
Número de control de estantería N-8474
itemnumber 200162
903 ## - NOMBRE PERSONAL DE DONANTE
9 66559
a Jiménez Martel, Germán
e Donante
942 ## - ELEMENTOS DE ENTRADA SECUNDARIOS (KOHA)
Suprimir en OPAC No
Tipo de ítem Koha Libro impreso
Holdings
Estatus retirado Estado de pérdida Fuente del sistema de clasificación o colocación Estado de daño No para préstamo Colección Biblioteca de origen Biblioteca actual Ubicación en estantería Fecha de adquisición Fuente de adquisición Total de préstamos Signatura topográfica completa Código de barras Visto por última vez Tipo de ítem Koha Nota pública
    Clasificación decimal universal     Libros con dedicatorias Biblioteca del Ateneo de Madrid Biblioteca del Ateneo de Madrid Depósito J 09/07/1999 Donación   N-8474 101205455 27/06/2023 Libro impreso Dedicatoria autógrafa del autor